Loreto College Library, Kolkata
WEBOPAC (ONLINE PUBLIC ACCESS CATALOGUE)

Prasad evam Pant ka tulnatmak vivechan (Record no. 19073)

MARC details
000 -LEADER
fixed length control field 00577nam a2200193Ia 4500
008 - FIXED-LENGTH DATA ELEMENTS--GENERAL INFORMATION
fixed length control field 131103s9999 xx 000 0 und d
040 ## - CATALOGING SOURCE
Original cataloging agency Loreto College
041 ## - LANGUAGE CODE
Language code English
082 ## - DDC | ডিউই
Classification number | বর্গসংখ্যা 891.431/PRA-DIW
Book Number | গ্রন্থাঙ্ক LCLIB/
100 ## - MAIN ENTRY--PERSONAL NAME | মুখ্য সংলেখ - ব্যাক্তিনাম
Personal name | ব্যাক্তিনাম Dwibedi,Ram Rajpal
245 ## - TITLE STATEMENT | অাখ্যা বিবরণী
Title | অাখ্যা Prasad evam Pant ka tulnatmak vivechan
Statement of responsibility | লেখকের দায়িত্বের বিবরণ Ram Rajpal Dwibedi
260 ## - IMPRINT | প্রকাশনা ক্ষেত্র
Place of publication | প্রকাশ স্থান Agra
Name of publisher | প্রকাশকের নাম Saraswati Pustak Sadan
Date of publication | প্রকাশ কাল [19 - ?]
300 ## - PHYSICAL DESCRIPTION |
Page / Vol. No | পৃষ্ঠা / খন্ড সংখ্যা 366 p.
630 ## - SUBJECT ADDED ENTRY--UNIFORM TITLE
Uniform title Hindi poetry - Criticism and interpretation
650 ## - SUBJECT ADDED ENTRY--TOPICAL TERM | বিষয় শিরোনাম - মূল বিষয়
Topical term | মূল বিষয় Prasad
651 ## - SUBJECT ADDED ENTRY--GEOGRAPHIC NAME | বিষয় শিরোনাম - ভৌগলিক নাম
Geographic name | ভৌগলিক বিষয় Pant,Sumitranandan
850 ## - HOLDING INSTITUTION
Holding institution LCLIB/891.431/PRA-DWI
942 ## - ADDED ENTRY ELEMENTS (KOHA)
Koha item type Books
Holdings
Withdrawn status Lost status Damaged status Not for loan Home library Current library Date acquired Total Checkouts Full call number Accession No. Date last seen Date checked out Price effective from Koha item type
        Loreto College Loreto College 04/11/2013 1 891.431/PRA-DIW LCLIB/ B19973 09/09/2016 09/09/2016 04/11/2013 Books